[Event "XI Weekend B"]
[Site "Ivrea ITA"]
[Date "2005.05.29"]
[Round "4"]
[White "Papalini, Claudio"]
[Black "Bogatto, Mario"]
[Result "1-0"]
[WhiteElo "1649"]
[BlackElo "1365"]
[PlyCount "64"]
[EventDate "2005.05.27"]

1. d4 d5 2. Nf3 Nf6 3. e3 a6 4. Bd3 g6 5. O-O Bg7 6. c3 Bg4 7. Nbd2 Nbd7 8. Re1
O-O 9. h3 Bxf3 10. Nxf3 Rc8 11. Qe2 c5 12. e4 dxe4 13. Bxe4 Qc7 14. Bg5 e6 15.
Bc2 cxd4 16. Nxd4 Nd5 17. Nxe6 fxe6 18. Qxe6+ Kh8 19. Qxd5 h6 20. Bd2 g5 21.
Qd3 Nf6 22. Re2 Rcd8 23. Qg3 Qxg3 24. fxg3 Nh5 25. Kh2 Rd6 26. Be1 Rdf6 27. Rd1
Rb6 28. Rd7 Nf6 29. Rc7 Re8 30. Rxe8+ Nxe8 31. Rc8 Re6 32. Bf2 Kg8 1-0

[Event "XI Weekend B"]
[Site "Ivrea ITA"]
[Date "2005.05.29"]
[Round "4"]
[White "Torriano, Enzo"]
[Black "Finocchiaro, Gianluca"]
[Result "0-1"]
[WhiteElo "1622"]
[BlackElo "1601"]
[PlyCount "74"]
[EventDate "2005.05.27"]

1. e4 d6 2. d4 Nf6 3. Bd3 e5 4. c3 Nbd7 5. Nf3 c6 6. Bg5 Be7 7. O-O O-O 8. Nbd2
exd4 9. cxd4 Nb6 10. Qc2 h6 11. Bh4 Qe8 12. Rfe1 Bg4 13. e5 dxe5 14. Nxe5 Be6
15. Bxf6 Bxf6 16. Ndf3 Nd5 17. a3 Rc8 18. Ng4 Qd8 19. Nxf6+ Qxf6 20. Rac1 Bg4
21. Ne5 Qg5 22. Nxg4 Qxg4 23. Be4 Nf6 24. Qd3 Rcd8 25. Rcd1 Rfe8 26. f3 Qh4 27.
Qc2 Kh8 28. g3 Qg5 29. Qb3 Nxe4 30. fxe4 Re7 31. e5 c5 32. dxc5 Rxd1 33. Rxd1
Qxe5 34. Qd5 Qe3+ 35. Kf1 Re5 36. Qc4 Rf5+ 37. Kg2 Qf3+ 0-1

[Event "XI Weekend B"]
[Site "Ivrea ITA"]
[Date "2005.05.29"]
[Round "5"]
[White "Barocelli, Carlo"]
[Black "Mosca, Enrico"]
[Result "0-1"]
[WhiteElo "1661"]
[BlackElo "1784"]
[PlyCount "88"]
[EventDate "2005.05.27"]

1. d4 Nf6 2. Nf3 e6 3. e3 d5 4. Nbd2 c5 5. c3 cxd4 6. exd4 Bd6 7. Ne5 Nc6 8.
Bb5 Bd7 9. Nxd7 Qxd7 10. Nf3 Qc7 11. Bg5 Ne4 12. Bh4 O-O 13. Bd3 f5 14. Bg3 f4
15. Bh4 e5 16. dxe5 Nxe5 17. Nxe5 Bxe5 18. Qf3 Bxc3+ 19. Ke2 Bxb2 20. Bxe4 dxe4
21. Qb3+ Rf7 22. Qxb2 f3+ 23. Ke3 Qf4+ 24. Kd4 Qxh4 25. Qb3 Qxf2+ 26. Kxe4 Re8+
27. Kd5 Qd2+ 28. Kc5 Rc8+ 29. Kb5 b6 30. Qxf7+ Kxf7 31. gxf3 Rc5+ 32. Ka6 Ra5+
33. Kb7 Qd5+ 34. Kb8 Qd8+ 35. Kb7 Qd7+ 36. Kb8 Rc5 37. Rac1 Qc7+ 38. Ka8 Rxc1
39. Rxc1 Qxc1 40. Kxa7 b5 41. Kb6 Ke6 42. Kxb5 Kd5 43. a4 Qc5+ 44. Ka6 Qb4 0-1

[Event "XI Weekend B"]
[Site "Ivrea ITA"]
[Date "2005.05.29"]
[Round "5"]
[White "Cordoglio, Simone"]
[Black "Romano, Antonino"]
[Result "1/2-1/2"]
[WhiteElo "1422"]
[BlackElo "1476"]
[PlyCount "47"]
[EventDate "2005.05.27"]

1. d4 d5 2. Nf3 g6 3. Bf4 Bg7 4. e3 Nf6 5. Nbd2 O-O 6. Bd3 Nbd7 7. h3 c5 8. c3
cxd4 9. cxd4 a6 10. Rc1 b5 11. Ne5 Bb7 12. Ndf3 Qa5+ 13. Qd2 Qxd2+ 14. Kxd2
Rac8 15. g4 Nb6 16. b3 Nfd7 17. h4 Rxc1 18. Rxc1 Rc8 19. Rxc8+ Bxc8 20. Nc6 Kf8
21. Bc7 Na8 22. Bd8 e6 23. Ng5 Ke8 24. Ba5 1/2-1/2

[Event "XI Weekend B"]
[Site "Ivrea ITA"]
[Date "2005.05.29"]
[Round "5"]
[White "Roversi, Stefano"]
[Black "Castaldo, Antonio"]
[Result "1-0"]
[WhiteElo "1879"]
[BlackElo "1595"]
[PlyCount "33"]
[EventDate "2005.05.27"]

1. e4 d6 2. d4 Nf6 3. Nc3 g6 4. f4 Bg7 5. Nf3 O-O 6. Bc4 Nxe4 7. Bxf7+ Rxf7 8.
Nxe4 Bg4 9. O-O Nc6 10. c3 Qd7 11. Neg5 Rff8 12. Qb3+ Kh8 13. h3 Bxf3 14. Rxf3
Na5 15. Nf7+ Kg8 16. Nh6+ Kh8 17. Qg8+ 1-0

[Event "XI Weekend B"]
[Site "Ivrea ITA"]
[Date "2005.05.29"]
[Round "5"]
[White "Tricerri, Pierino"]
[Black "Falamischia, Andrea"]
[Result "0-1"]
[WhiteElo "1491"]
[BlackElo "1440"]
[PlyCount "100"]
[EventDate "2005.05.27"]

1. c4 Nf6 2. Nf3 g6 3. g3 Bg7 4. Bg2 O-O 5. O-O d6 6. Nc3 Be6 7. d3 c5 8. Ng5
Bc8 9. Nce4 Nbd7 10. Rb1 Rb8 11. Bf4 b6 12. Qd2 Nxe4 13. Nxe4 Bb7 14. b4 cxb4
15. Qxb4 f5 16. Ng5 Bxg2 17. Ne6 Qc8 18. Kxg2 Qc6+ 19. f3 a5 20. Qb3 Nc5 21.
Nxc5 bxc5 22. Qxb8 Rxb8 23. Rxb8+ Kf7 24. Rfb1 Qa4 25. R1b7 Qxa2 26. Kf2 Bd4+
27. Be3 Qd2 28. Bxd4 cxd4 29. Ra8 Qe3+ 30. Kf1 Qc1+ 31. Kf2 Qh1 32. Rxa5 Qxh2+
33. Kf1 Qxg3 34. Raa7 Qg5 35. Rxe7+ Qxe7 36. Rxe7+ Kxe7 37. Kg2 Kf6 38. f4 h6
39. Kg3 g5 40. fxg5+ hxg5 41. Kf3 Ke5 42. Kg3 g4 43. Kg2 Kf4 44. Kf2 g3+ 45.
Kg2 Ke3 46. Kxg3 Kxe2 47. Kf4 Kxd3 48. Kxf5 Kxc4 49. Ke4 Kc3 50. Kf3 Kc2 0-1

[Event "XII Festival D femminile"]
[Site "Lucca ITA"]
[Date "2005.10.??"]
[Round "6"]
[White "Inserra, Elisa"]
[Black "Bina, Francesca"]
[Result "1-0"]
[WhiteElo "1473"]
[BlackElo "1404"]
[PlyCount "53"]
[EventDate "2005.10.01"]

1. e4 c6 2. d4 d5 3. Nc3 dxe4 4. Nxe4 Bf5 5. Ng3 Bg6 6. h4 h6 7. Nh3 Nf6 8. Nf4
Bh7 9. Bc4 e6 10. Nfh5 Nbd7 11. c3 Bg6 12. Bf4 Nxh5 13. Nxh5 Nf6 14. Nxf6+ Qxf6
15. Be5 Qd8 16. Qg4 h5 17. Qg3 b5 18. Bxe6 fxe6 19. Qxg6+ Ke7 20. Bxg7 Bxg7 21.
Qxg7+ Kd6 22. O-O-O Rg8 23. Qe5+ Ke7 24. Rhe1 Qd5 25. Qc7+ Qd7 26. Rxe6+ Kxe6
27. Re1+ 1-0

[Event "XIII Open Nicolo' La Rosa"]
[Site "Mazara del Vallo ITA"]
[Date "2005.08.19"]
[Round "1"]
[White "Bocci, Alessandro"]
[Black "Di Liberti, Ivan"]
[Result "1-0"]
[WhiteElo "1947"]
[BlackElo "1533"]
[PlyCount "47"]
[EventDate "2005.08.19"]

1. d4 Nf6 2. Nf3 e6 3. c4 d5 4. cxd5 exd5 5. Bg5 Be7 6. Nc3 Nc6 7. e3 Ne4 8.
Bxe7 Nxe7 9. Bd3 f5 10. O-O Ng6 11. Rc1 O-O 12. Qb3 c6 13. Nxe4 fxe4 14. Bxe4
Re8 15. Bxg6 hxg6 16. Ne5 Qg5 17. f4 Qf5 18. Qc2 Qxc2 19. Rxc2 Bf5 20. Rc3 Rac8
21. Rfc1 Kh7 22. Kf2 Kh6 23. Nf7+ Kh5 24. Nd6 1-0

[Event "XIII Open Nicolo' La Rosa"]
[Site "Mazara del Vallo ITA"]
[Date "2005.08.19"]
[Round "1"]
[White "Cangemi, Felice"]
[Black "Speciale, Francesco"]
[Result "0-1"]
[WhiteElo "1496"]
[BlackElo "1730"]
[PlyCount "68"]
[EventDate "2005.08.19"]

1. e4 e6 2. Nf3 d5 3. e5 c5 4. d4 Nc6 5. Bb5 Bd7 6. O-O Nxd4 7. Bxd7+ Qxd7 8.
Nxd4 cxd4 9. Qxd4 b6 10. Nc3 Ne7 11. Bg5 Ng6 12. Rfe1 Rc8 13. Qd3 h6 14. Bd2
Bc5 15. Nb5 O-O 16. a3 a6 17. Nc3 b5 18. b4 Be7 19. Qd4 Rc4 20. Qe3 Bg5 21. Qd3
Bxd2 22. Qxd2 Rfc8 23. Re3 Qc7 24. Nxd5 exd5 25. Qxd5 Rxc2 26. Ree1 Qc3 27. e6
Qxa1 28. exf7+ Kh7 29. f8=N+ Nxf8 30. Qd3+ Ng6 31. Rxa1 Rc1+ 32. Rxc1 Rxc1+ 33.
Qf1 Rxf1+ 34. Kxf1 Ne5 0-1

[Event "XIII Open Nicolo' La Rosa"]
[Site "Mazara del Vallo ITA"]
[Date "2005.08.19"]
[Round "1"]
[White "Cerami, Giuseppe"]
[Black "Internicola, Vincenzo"]
[Result "1-0"]
[WhiteElo "1772"]
[BlackElo "1506"]
[PlyCount "61"]
[EventDate "2005.08.19"]

1. d4 d5 2. Nc3 e6 3. e4 dxe4 4. Nxe4 a6 5. Nf3 h6 6. Be3 Be7 7. Bd3 Nf6 8. h3
Nxe4 9. Bxe4 f5 10. Bd3 O-O 11. Ne5 Bg5 12. Qh5 Bxe3 13. fxe3 Nd7 14. O-O-O
Nxe5 15. dxe5 Qe7 16. Qf3 a5 17. a3 Rb8 18. Bc4 Qc5 19. Qf4 b5 20. Ba2 a4 21.
Rd4 Qb6 22. Rhd1 Bb7 23. Rd7 Bxg2 24. Rg1 g5 25. Rxg2 Qc6 26. Rxg5+ Kh8 27. Rh5
Qh1+ 28. Rd1 Qxd1+ 29. Kxd1 Rbd8+ 30. Ke2 Rd7 31. Qxh6+ 1-0

[Event "XIII Open Nicolo' La Rosa"]
[Site "Mazara del Vallo ITA"]
[Date "2005.08.19"]
[Round "1"]
[White "Guirreri, Filippo"]
[Black "Serio, Danilo"]
[Result "0-1"]
[WhiteElo "1532"]
[BlackElo "1943"]
[PlyCount "36"]
[EventDate "2005.08.19"]

1. e4 d5 2. exd5 Qxd5 3. Nc3 Qd6 4. Nf3 Nf6 5. Bc4 Bg4 6. h3 Bh5 7. O-O a6 8.
d3 Nc6 9. Bg5 Nd4 10. Bxf6 gxf6 11. Ne4 Qf4 12. Ned2 Rg8 13. Bd5 c6 14. c3 Nf5
15. Be4 Nh4 16. g3 Rxg3+ 17. Kh2 Rxf3+ 18. Kg1 Qg5+ 0-1

[Event "XIII Open Nicolo' La Rosa"]
[Site "Mazara del Vallo ITA"]
[Date "2005.08.19"]
[Round "1"]
[White "Internicola, Dario"]
[Black "Roberti, Ignazio"]
[Result "1-0"]
[WhiteElo "1535"]
[BlackElo "1959"]
[PlyCount "121"]
[EventDate "2005.08.19"]

1. e4 c5 2. Nf3 Nc6 3. Bc4 e6 4. Nc3 d6 5. d4 cxd4 6. Nxd4 Nf6 7. O-O Be7 8.
Re1 e5 9. Nf5 Bxf5 10. exf5 O-O 11. Nd5 Qd7 12. Nxf6+ Bxf6 13. Bd3 d5 14. Qg4
e4 15. Bb5 Ne5 16. Bxd7 Nxg4 17. c3 a6 18. Bf4 Ne5 19. Bxe5 Bxe5 20. Rad1 b5
21. Rxd5 Bf6 22. Rxe4 Rfd8 23. Re1 h6 24. g3 Rab8 25. Red1 b4 26. Ra5 Rb6 27.
cxb4 Rxb4 28. Rxa6 Rxb2 29. Ra7 Kf8 30. Rd5 Bc3 31. Bc6 Rxd5 32. Bxd5 Bd4 33.
Rxf7+ Ke8 34. Be6 Rxf2 35. Rd7 Rd2+ 36. Kf1 Bc3 37. Rxd2 Bxd2 38. Ke2 Ba5 39.
Kf3 Ke7 40. g4 Kf6 41. Kg3 Bc7+ 42. Kg2 Kg5 43. h3 Kh4 44. a4 Bd8 45. Kf3 Kg5
46. Ke4 h5 47. Kd5 hxg4 48. hxg4 Kf6 49. Kc5 Ke5 50. Kb5 Kd6 51. a5 Kc7 52. Ka6
Kb8 53. Kb5 Ka7 54. a6 Bf6 55. Bc4 Kb8 56. Kc6 Bd4 57. Kd7 Be3 58. Ke6 Kc7 59.
Kf7 Bd4 60. g5 Be3 61. f6 1-0

[Event "XIII Open Nicolo' La Rosa"]
[Site "Mazara del Vallo ITA"]
[Date "2005.08.19"]
[Round "1"]
[White "Ljubisavljevic, Zivojin Z."]
[Black "Apollo, Vincenzo"]
[Result "1-0"]
[WhiteElo "2261"]
[BlackElo "1574"]
[PlyCount "37"]
[EventDate "2005.08.19"]

1. c4 e5 2. Nc3 Nf6 3. g3 Nc6 4. Bg2 Bb4 5. Nd5 Bc5 6. e3 O-O 7. Ne2 b6 8. O-O
Bb7 9. a3 Rb8 10. b4 Bd6 11. Bb2 Re8 12. f4 exf4 13. Nxf6+ gxf6 14. Nxf4 Be7
15. Nh5 Ne5 16. Bxe5 fxe5 17. Bxb7 Rxb7 18. Qf3 Rb8 19. Qxf7+ 1-0

[Event "XIII Open Nicolo' La Rosa"]
[Site "Mazara del Vallo ITA"]
[Date "2005.08.19"]
[Round "2"]
[White "Apollo, Vincenzo"]
[Black "Cangemi, Felice"]
[Result "1-0"]
[WhiteElo "1574"]
[BlackElo "1496"]
[PlyCount "51"]
[EventDate "2005.08.19"]

1. e4 e5 2. Nf3 Nc6 3. Bc4 Nf6 4. d3 d6 5. Ng5 d5 6. exd5 Nxd5 7. Bxd5 Qxd5 8.
Nf3 Bc5 9. Nc3 Qe6 10. Qe2 O-O 11. O-O Qg6 12. Re1 Bg4 13. h3 Bh5 14. g4 Bxg4
15. hxg4 Qxg4+ 16. Kf1 Qh3+ 17. Kg1 Rad8 18. Nxe5 Rfe8 19. Bf4 f6 20. Qf3 Qf5
21. Nxc6 bxc6 22. Rxe8+ Rxe8 23. Qxc6 Qg4+ 24. Bg3 Bxf2+ 25. Kxf2 Qe2+ 26. Nxe2
1-0

[Event "XIII Open Nicolo' La Rosa"]
[Site "Mazara del Vallo ITA"]
[Date "2005.08.19"]
[Round "2"]
[White "Cerami, Gianvito"]
[Black "Bocci, Alessandro"]
[Result "0-1"]
[WhiteElo "1646"]
[BlackElo "1947"]
[PlyCount "96"]
[EventDate "2005.08.19"]

1. c4 Nf6 2. Nc3 g6 3. Nf3 Bg7 4. e4 d6 5. d4 O-O 6. Be2 e5 7. b3 Nc6 8. Bb2
Nd7 9. Nd5 Ne7 10. Nc3 c6 11. d5 c5 12. a4 a6 13. h4 h6 14. g4 f5 15. gxf5 gxf5
16. Kd2 Nf6 17. Bd3 fxe4 18. Bxe4 Nxe4+ 19. Nxe4 Bg4 20. Rg1 Bxf3 21. Qe1 Bxe4
22. Qxe4 Rxf2+ 23. Kc1 Qf8 24. Kb1 Qf5 25. Qxf5 Rxf5 26. Ka2 Kh7 27. Rg2 Rg8
28. Rag1 Bf6 29. Ka3 Rxg2 30. Rxg2 Bxh4 31. b4 Rf3+ 32. Ka2 cxb4 33. Re2 Rf2
34. Re4 Rf4 35. Re2 Rxc4 36. Kb3 Rg4 37. a5 Bg5 38. Rc2 Nxd5 39. Rc8 Bf6 40.
Rb8 Rg7 41. Kc4 Ne3+ 42. Kxb4 h5 43. Rc8 h4 44. Bc1 Bg5 45. Kb3 h3 46. Rc3 h2
47. Bxe3 Bxe3 48. Rxe3 h1=Q 0-1

[Event "XIII Open Nicolo' La Rosa"]
[Site "Mazara del Vallo ITA"]
[Date "2005.08.19"]
[Round "2"]
[White "Internicola, Vincenzo"]
[Black "Roberti, Ignazio"]
[Result "0-1"]
[WhiteElo "1506"]
[BlackElo "1959"]
[PlyCount "88"]
[EventDate "2005.08.19"]

1. e4 c5 2. Nf3 Nc6 3. Bc4 a6 4. d4 cxd4 5. Nxd4 Nf6 6. Nxc6 bxc6 7. Qf3 d5 8.
exd5 cxd5 9. Bb3 a5 10. a4 Ba6 11. Nc3 e6 12. Bg5 Be7 13. O-O-O O-O 14. h4 Rb8
15. h5 h6 16. Bh4 Rb4 17. Bxf6 Bxf6 18. Na2 Rb6 19. g4 d4 20. Qe4 Bb7 21. Qd3
Bxh1 22. Rxh1 Qd6 23. Rf1 Qf4+ 24. Kb1 e5 25. f3 Bg5 26. Qc4 Rfb8 27. Qd5 R6b7
28. Re1 Re7 29. Nc1 Bf6 30. Nd3 Qd2 31. Re4 Qd1+ 32. Ka2 Qxf3 33. Nxe5 Bxe5 34.
Bc4 Qf6 35. Bd3 Qb6 36. b3 Bf6 37. Rxe7 Bxe7 38. Bg6 Qe6 39. Be4 Qxd5 40. Bxd5
Bb4 41. Be4 Re8 42. Bf5 Re1 43. c3 Bxc3 44. Bb1 d3 0-1

[Event "XIII Open Nicolo' La Rosa"]
[Site "Mazara del Vallo ITA"]
[Date "2005.08.19"]
[Round "2"]
[White "Pipitone, Claudio"]
[Black "Cerami, Giuseppe"]
[Result "1/2-1/2"]
[WhiteElo "1637"]
[BlackElo "1772"]
[PlyCount "104"]
[EventDate "2005.08.19"]

1. d4 Nf6 2. c4 g6 3. Nc3 Bg7 4. e4 d6 5. Be2 O-O 6. Nf3 Nbd7 7. Bg5 h6 8. Bf4
Nh5 9. Be3 c5 10. O-O e6 11. Qd2 Kh7 12. Nb5 Ndf6 13. Qd3 a6 14. Nc3 b6 15. e5
Ng4 16. Rad1 Nxe3 17. fxe3 d5 18. Ne1 dxc4 19. Qc2 Qg5 20. Qe4 Rb8 21. Nf3 Qe7
22. d5 exd5 23. Nxd5 Bf5 24. Qxc4 Qe6 25. Nh4 Qxe5 26. Nxf5 gxf5 27. Bxh5 f4
28. Qc2+ Kh8 29. Qe2 fxe3 30. Rxf7 Rxf7 31. Bxf7 Rf8 32. Bh5 Rf2 33. Qxe3 Qxh5
34. Nc3 Rxb2 35. Rd8+ Kh7 36. Qe4+ Qg6 37. Qxg6+ Kxg6 38. Rd6+ Kf5 39. Na4 Bd4+
40. Kf1 Rxa2 41. Nxb6 Rf2+ 42. Ke1 Rxg2 43. Rxh6 Rg6 44. Rxg6 Kxg6 45. Ke2 Kf5
46. Kf3 a5 47. h3 Ke6 48. Ke4 Bc3 49. Kd3 Be5 50. Kc4 Kd6 51. Kb5 Bc3 52. Nc4+
Kd5 1/2-1/2

[Event "XIII Open Nicolo' La Rosa"]
[Site "Mazara del Vallo ITA"]
[Date "2005.08.19"]
[Round "2"]
[White "Serio, Danilo"]
[Black "Melograni, Francesco"]
[Result "1-0"]
[WhiteElo "1943"]
[BlackElo "1658"]
[PlyCount "57"]
[EventDate "2005.08.19"]

1. f4 Nf6 2. Nf3 d5 3. e3 c5 4. Be2 Nc6 5. O-O e6 6. b3 Bd6 7. Bb2 O-O 8. Qe1
Re8 9. Ne5 Nd7 10. Bh5 g6 11. Qg3 Ndxe5 12. fxe5 Bf8 13. Be2 Bg7 14. Na3 a6 15.
Rf2 d4 16. Nc4 b5 17. Qf3 Qd7 18. Nd6 Rf8 19. exd4 cxd4 20. Raf1 Ra7 21. Ne4
Bxe5 22. Nf6+ Kh8 23. Qh3 Bxf6 24. Rxf6 Kg7 25. d3 e5 26. Qh4 b4 27. Bc1 h5 28.
Bxh5 Ne7 29. Bxg6 1-0

[Event "XIII Open Nicolo' La Rosa"]
[Site "Mazara del Vallo ITA"]
[Date "2005.08.19"]
[Round "2"]
[White "Speciale, Francesco"]
[Black "Ljubisavljevic, Zivojin Z."]
[Result "0-1"]
[WhiteElo "1730"]
[BlackElo "2261"]
[PlyCount "49"]
[EventDate "2005.08.19"]

1. d4 Nf6 2. c4 e6 3. Nc3 Bb4 4. Bd2 b6 5. Nf3 Bb7 6. e3 Bxc3 7. bxc3 O-O 8.
Bd3 Ne4 9. O-O d6 10. Qc2 f5 11. Ne1 Qh4 12. f4 Nd7 13. Nf3 Qh5 14. Rae1 h6 15.
Be2 Qf7 16. Bc1 g5 17. Nd2 Ndf6 18. Bf3 g4 19. Nxe4 Bxe4 20. Bxe4 Nxe4 21. g3
h5 22. Bb2 h4 23. Qg2 hxg3 24. hxg3 d5 25. Rf2 {...} 0-1

[Event "XIII Open Nicolo' La Rosa"]
[Site "Mazara del Vallo ITA"]
[Date "2005.08.20"]
[Round "3"]
[White "Bocci, Alessandro"]
[Black "Internicola, Dario"]
[Result "1-0"]
[WhiteElo "1947"]
[BlackElo "1535"]
[PlyCount "101"]
[EventDate "2005.08.19"]

1. d4 d5 2. Nf3 Nf6 3. c4 e6 4. cxd5 exd5 5. Bg5 Be7 6. Nc3 c6 7. e3 Bg4 8. h3
Bh5 9. Be2 O-O 10. O-O Nbd7 11. Qc2 Bg6 12. Bd3 Nh5 13. Bxe7 Qxe7 14. Rab1 Nhf6
15. b4 a6 16. Na4 Rab8 17. Nc5 Bxd3 18. Qxd3 Rfe8 19. Rfc1 Ne4 20. Nxd7 Qxd7
21. a4 Nd6 22. Rb2 Nc4 23. Rbc2 b5 24. Nd2 Qd6 25. Rb1 Nxd2 26. Qxd2 bxa4 27.
Rc5 Rb5 28. Qc2 Rxc5 29. bxc5 Qc7 30. Qxa4 Rc8 31. Qxa6 g6 32. Rb7 Qd8 33. Qb6
Qe8 34. Rc7 Kg7 35. Qb7 Rxc7 36. Qxc7 Qe6 37. Qe5+ Qxe5 38. dxe5 f5 39. f4 h6
40. Kf2 g5 41. g3 gxf4 42. gxf4 h5 43. Kg3 Kh6 44. Kh4 Kg6 45. e6 Kf6 46. Kxh5
Kxe6 47. Kg6 Ke7 48. Kxf5 Kf7 49. Ke5 Ke7 50. h4 d4 51. exd4 1-0

[Event "XIII Open Nicolo' La Rosa"]
[Site "Mazara del Vallo ITA"]
[Date "2005.08.20"]
[Round "3"]
[White "Cerami, Giuseppe"]
[Black "Speciale, Francesco"]
[Result "1/2-1/2"]
[WhiteElo "1772"]
[BlackElo "1730"]
[PlyCount "69"]
[EventDate "2005.08.19"]

1. d4 Nf6 2. c4 e6 3. Nf3 d5 4. Bg5 c6 5. e3 Be7 6. Nbd2 Nbd7 7. Bd3 h6 8. Bh4
b6 9. Rc1 Bb7 10. cxd5 exd5 11. Bxf6 Bxf6 12. O-O c5 13. b3 O-O 14. Be2 Re8 15.
Re1 Rc8 16. Nf1 Qe7 17. h3 g6 18. N3h2 Bg7 19. Bg4 f5 20. Bf3 Nf6 21. Ng3 cxd4
22. Rxc8 Bxc8 23. Qxd4 Be6 24. Qd1 Rd8 25. Ne2 Bf7 26. Nd4 Qe8 27. Be2 Ne4 28.
Bb5 Qf8 29. Nhf3 Nc3 30. Qd2 Ne4 31. Qe2 Nc3 32. Qd2 Nxb5 33. Nxb5 Qc5 34. Nbd4
Rc8 35. Rd1 1/2-1/2

[Event "XIII Open Nicolo' La Rosa"]
[Site "Mazara del Vallo ITA"]
[Date "2005.08.20"]
[Round "3"]
[White "Di Liberti, Ivan"]
[Black "Cerami, Gianvito"]
[Result "1-0"]
[WhiteElo "1533"]
[BlackElo "1646"]
[PlyCount "83"]
[EventDate "2005.08.19"]

1. d4 d5 2. c4 c6 3. Nc3 dxc4 4. a4 e6 5. e4 Nf6 6. Bxc4 Bb4 7. f3 O-O 8. Nge2
Nxe4 9. fxe4 Qh4+ 10. Kf1 Rd8 11. Qe1 Qe7 12. Qf2 Nd7 13. d5 Ne5 14. Bb3 Ng4
15. Qf3 e5 16. h3 Nf6 17. Bg5 Rd6 18. h4 h6 19. Rd1 hxg5 20. hxg5 Bg4 21. Qg3
Bxe2+ 22. Nxe2 g6 23. Qh4 Kf8 24. Rc1 Ng8 25. Nc3 Rad8 26. Qh8 Qxg5 27. Rc2
Rf6+ 28. Ke1 Qg3+ 29. Kd1 Qd3+ 30. Rd2 Rf1+ 31. Rxf1 Qxf1+ 32. Kc2 Bxc3 33.
bxc3 Qf4 34. Qh7 Qxe4+ 35. Kb2 Qe3 36. Kc2 cxd5 37. Bxd5 Rxd5 38. Rxd5 Qe4+ 39.
Rd3 Qxg2+ 40. Kb3 Qg5 41. Rd7 e4 42. Qxf7# 1-0

[Event "XIII Open Nicolo' La Rosa"]
[Site "Mazara del Vallo ITA"]
[Date "2005.08.20"]
[Round "3"]
[White "Guirreri, Filippo"]
[Black "Internicola, Vincenzo"]
[Result "0-1"]
[WhiteElo "1532"]
[BlackElo "1506"]
[PlyCount "60"]
[EventDate "2005.08.19"]

1. e4 e5 2. Nf3 Nc6 3. Bc4 h6 4. O-O Nf6 5. Nc3 Bc5 6. b3 O-O 7. Bb2 d6 8. d3
a6 9. Na4 Ba7 10. d4 b5 11. Bd5 Nxd5 12. exd5 Nxd4 13. Nc3 Bg4 14. h3 Nxf3+ 15.
gxf3 Bxh3 16. Kh1 Bxf1 17. Qxf1 Qh4+ 18. Kg2 f5 19. Ne2 Rf6 20. Qh1 Qxf2+ 21.
Kh3 Qxe2 22. Qg2 Qxg2+ 23. Kxg2 Rg6+ 24. Kh3 f4 25. Bc3 Rg3+ 26. Kh2 Rxf3 27.
Bb4 Bd4 28. Rc1 Rc8 29. Kg2 Rf2+ 30. Kh1 c5 0-1

[Event "XIII Open Nicolo' La Rosa"]
[Site "Mazara del Vallo ITA"]
[Date "2005.08.20"]
[Round "3"]
[White "Ljubisavljevic, Zivojin Z."]
[Black "Serio, Danilo"]
[Result "1-0"]
[WhiteElo "2261"]
[BlackElo "1943"]
[PlyCount "35"]
[EventDate "2005.08.19"]

1. d4 f5 2. Nc3 e6 3. e4 fxe4 4. Nxe4 Nf6 5. Nxf6+ Qxf6 6. Nf3 Nc6 7. Bg5 Qf7
8. Bd3 b6 9. O-O Bb7 10. d5 Ne7 11. dxe6 Qxe6 12. Re1 Qg4 13. h3 Qh5 14. Be4
Bxe4 15. Rxe4 h6 16. Bxe7 Bxe7 17. Qe2 O-O 18. Rxe7 1-0

[Event "XIII Open Nicolo' La Rosa"]
[Site "Mazara del Vallo ITA"]
[Date "2005.08.20"]
[Round "3"]
[White "Melograni, Francesco"]
[Black "Apollo, Vincenzo"]
[Result "1-0"]
[WhiteElo "1658"]
[BlackElo "1574"]
[PlyCount "67"]
[EventDate "2005.08.19"]

1. e4 e6 2. d4 d5 3. exd5 exd5 4. Nc3 Nf6 5. Nf3 Bb4 6. Be2 Bxc3+ 7. bxc3 Qe7
8. O-O O-O 9. a4 h6 10. Ba3 Qe4 11. Bxf8 Kxf8 12. Re1 Qf4 13. Ne5 Nbd7 14.
Nxd7+ Bxd7 15. Bf3 Bg4 16. Re3 Re8 17. Rxe8+ Kxe8 18. Qe2+ Kf8 19. Bxg4 Nxg4
20. g3 Qg5 21. Re1 Kg8 22. Qe8+ Kh7 23. Qxf7 Qd2 24. Re7 Qg5 25. h4 Qg6 26.
Qxg6+ Kxg6 27. Rxc7 a6 28. Rxb7 Nf6 29. Rb6 Kh7 30. Rxa6 Ne4 31. Rc6 Nd2 32. a5
Nb1 33. a6 Na3 34. a7 1-0

[Event "XIII Open Nicolo' La Rosa"]
[Site "Mazara del Vallo ITA"]
[Date "2005.08.20"]
[Round "3"]
[White "Roberti, Ignazio"]
[Black "Pipitone, Claudio"]
[Result "1-0"]
[WhiteElo "1959"]
[BlackElo "1637"]
[PlyCount "37"]
[EventDate "2005.08.19"]

1. e4 e5 2. f4 exf4 3. Nf3 d5 4. exd5 Bg4 5. Bb5+ Nd7 6. O-O Bd6 7. d4 a6 8.
Bd3 Qf6 9. c3 Ne7 10. Qb3 Nb6 11. Nbd2 Bf5 12. c4 Bxd3 13. Qxd3 c5 14. Ne4 Qh6
15. dxc5 Bxc5+ 16. Nxc5 Nbc8 17. Ne4 Nd6 18. c5 Nxe4 19. Qxe4 $139 1-0

[Event "XIII Open Nicolo' La Rosa"]
[Site "Mazara del Vallo ITA"]
[Date "2005.08.20"]
[Round "4"]
[White "Bocci, Alessandro"]
[Black "Ljubisavljevic, Zivojin Z."]
[Result "0-1"]
[WhiteElo "1947"]
[BlackElo "2261"]
[PlyCount "76"]
[EventDate "2005.08.19"]

1. d4 Nf6 2. Nf3 e6 3. c4 c5 4. d5 b5 5. Bg5 exd5 6. cxd5 d6 7. Nc3 a6 8. e4
Be7 9. Qc2 Bg4 10. Be2 Nbd7 11. O-O O-O 12. Bf4 Nh5 13. Be3 g6 14. h3 Bxf3 15.
Bxf3 Ng7 16. g3 Bg5 17. Bxg5 Qxg5 18. Bg2 b4 19. Nd1 f5 20. exf5 Nxf5 21. Qc1
Qf6 22. Ne3 Nxe3 23. Qxe3 Rae8 24. Qd2 a5 25. Rae1 Ne5 26. Qc2 Nf3+ 27. Bxf3
Qxf3 28. Rxe8 Rxe8 29. Qb3 Qxb3 30. axb3 Re2 31. Ra1 Rxb2 32. Rxa5 Rxb3 33. Ra6
Rb1+ 34. Kg2 b3 35. Rxd6 b2 36. Rb6 c4 37. d6 c3 38. d7 Rd1 0-1

[Event "XIII Open Nicolo' La Rosa"]
[Site "Mazara del Vallo ITA"]
[Date "2005.08.20"]
[Round "4"]
[White "Internicola, Dario"]
[Black "Cerami, Giuseppe"]
[Result "0-1"]
[WhiteElo "1535"]
[BlackElo "1772"]
[PlyCount "104"]
[EventDate "2005.08.19"]

1. e4 e6 2. Nf3 d5 3. exd5 exd5 4. Nc3 Nf6 5. d4 Bd6 6. Bd3 Bg4 7. O-O O-O 8.
Bg5 c6 9. h3 Bh5 10. Re1 Nbd7 11. Be2 h6 12. Bxf6 Nxf6 13. Ne5 Bxe2 14. Rxe2
Qc7 15. Qd3 Rae8 16. Rae1 Re7 17. b3 Rfe8 18. Qf3 Bxe5 19. dxe5 Rxe5 20. Qg3
Nd7 21. Na4 b6 22. Nb2 Qb8 23. Rxe5 Rxe5 24. Rxe5 Qxe5 25. Qxe5 Nxe5 26. Nd3
Nxd3 27. cxd3 f5 28. f4 g5 29. g3 Kf7 30. Kf2 d4 31. h4 g4 32. h5 Ke6 33. Ke2
Kd5 34. Kd2 b5 35. b4 c5 36. bxc5 Kxc5 37. Kc2 a5 38. Kb3 b4 39. Ka4 Kb6 40.
Kb3 Kb5 41. Kc2 a4 42. Kb2 Ka5 43. Kc2 b3+ 44. axb3 a3 45. Kb1 Kb4 46. Kc2 a2
47. Kb2 a1=Q+ 48. Kxa1 Kxb3 49. Kb1 Kc3 50. Kc1 Kxd3 51. Kd1 Ke3 52. Ke1 d3 0-1

[Event "XIII Open Nicolo' La Rosa"]
[Site "Mazara del Vallo ITA"]
[Date "2005.08.20"]
[Round "4"]
[White "Internicola, Vincenzo"]
[Black "Cerami, Gianvito"]
[Result "1-0"]
[WhiteElo "1506"]
[BlackElo "1646"]
[PlyCount "63"]
[EventDate "2005.08.19"]

1. e4 c5 2. Bc4 e6 3. Nf3 d6 4. d4 cxd4 5. Nxd4 Nc6 6. O-O Be7 7. Bb5 a6 8.
Nxc6 bxc6 9. Bxc6+ Bd7 10. Bxa8 Qxa8 11. Nc3 Nf6 12. Bg5 O-O 13. e5 dxe5 14.
Bxf6 Bxf6 15. Qxd7 Rd8 16. Qa4 Rd4 17. Qb3 Rg4 18. g3 h5 19. h3 Rd4 20. Rad1 h4
21. Rxd4 exd4 22. Ne2 Qe4 23. Qd3 Qd5 24. c4 Qe5 25. b4 g5 26. g4 Be7 27. c5
Bd8 28. Nxd4 Bc7 29. Nf3 Qf4 30. a3 Kg7 31. Qe3 Qf6 32. Qxg5+ 1-0